| 000 | 00851nam a22002657a 4500 | ||
|---|---|---|---|
| 003 | BCEG | ||
| 005 | 20260226165622.0 | ||
| 008 | 260226s1993 sp|||||| |||| 00| 0 spa d | ||
| 020 | _a843760172X | ||
| 040 |
_aBCEG _bspa _cBCEG |
||
| 082 | 0 | 4 |
_a305.4 _bL144m |
| 100 | 1 |
_aLacoste-Dujardin, Camille, _d1919-2016. |
|
| 245 | 1 | 4 |
_aLas madres contra las mujeres _b: patriarcado y maternidad en el mundo árabe. |
| 260 |
_aMadrid : _bCátedra, _c1993. |
||
| 300 | _a283 p. | ||
| 490 | _aFeminismos. | ||
| 504 | _aIncluye bibliografía. | ||
| 534 |
_pTítulo original : _tDes mères contre les femmes : maternité et patriarcat au maghreb. |
||
| 541 | _aDonación. | ||
| 650 | 1 | 4 |
_aMujeres _zÁfrica del Norte. |
| 650 | 1 | 4 |
_aMadres _zÁfrica del Norte. |
| 650 | 1 | 4 |
_aPatriercado _zÁfrica del Norte. |
| 700 | 1 |
_aMartorell, Alicia, _etr. |
|
| 942 | _cBK | ||
| 999 |
_c437084 _d437084 |
||